Library of the University of Algiers 3
Ibrahim Sultan Cheibout
شعار جامعة الجزائر 3
مكتبة جامعة الجزائر 3
إبراهيم سلطان شيبوط

التحولات الإقتصادية وقضايا التربية المعاصرة / (رقم التسجيلة. 44344)

تفاصيل مارك
000 -LEADER
fixed length control field 01155nam a2200241Ia 4500
003 - CONTROL NUMBER IDENTIFIER
control field Ost
005 - DATE AND TIME OF LATEST TRANSACTION
control field 20260507075408.0
008 - FIXED-LENGTH DATA ELEMENTS--GENERAL INFORMATION
fixed length control field 260507s9999||||xx |||||||||||||| ||und||
020 ## - INTERNATIONAL STANDARD BOOK NUMBER
International Standard Book Number 1274308977
040 ## - CATALOGING SOURCE
Transcribing agency fsecg
041 ## - LANGUAGE CODE
Language code of text/sound track or separate title ara
082 ## - DEWEY DECIMAL CLASSIFICATION NUMBER
Classification number 330
100 ## - MAIN ENTRY--PERSONAL NAME
Personal name هندى، عبد المعين سعد الدين
Relator term مؤلف
245 #0 - TITLE STATEMENT
Title التحولات الإقتصادية وقضايا التربية المعاصرة /
Statement of responsibility, etc. عبد المعين سعد الدين هندى
260 ## - PUBLICATION, DISTRIBUTION, ETC.
Place of publication, distribution, etc. الإسكندرية:
Name of publisher, distributor, etc. دار العلم والإيمان,
Date of publication, distribution, etc. 2009
300 ## - PHYSICAL DESCRIPTION
Extent 416 صفحة؛
Other physical details إيضاحات ؛
Dimensions 24 سم
504 ## - BIBLIOGRAPHY, ETC. NOTE
Bibliography, etc. note المراجع ص.406
520 ## - SUMMARY, ETC.
Summary, etc. يضم التعليم العام والتعليم الخاص ، تفعيل دور المدرسة في ضوء متطلبات الجودة ، البطالة و الإنتماء لدى الشباب الجامعي ، نحو دور تربوي للجمعيات الأهلية تجاه الأطفال ذوي الإحتياجات الخاصة
653 ## - INDEX TERM--UNCONTROLLED
Uncontrolled term التعليم
653 ## - INDEX TERM--UNCONTROLLED
Uncontrolled term التعليم- اقتصاديات
653 ## - INDEX TERM--UNCONTROLLED
Uncontrolled term التغير الإجتماعي
942 ## - ADDED ENTRY ELEMENTS (KOHA)
Koha item type كتب
المقتنيات
Withdrawn status Lost status Source of classification or shelving scheme Damaged status Not for loan Home library Current library Date acquired Serial enumeration / chronology Inventory number Total checkouts Full call number Barcode Date last seen Price effective from Koha item type
    Dewey Decimal Classification   NOT LOAN / إعارة داخلية مكتبة كلية العلوم الإقتصادية والعلوم التجارية وعلوم التسيير مكتبة كلية العلوم الإقتصادية والعلوم التجارية وعلوم التسيير 07/05/2026 الطابق الأرضي 26741   أ/4407ن1 26741 07/05/2026 07/05/2026 كتب
    Dewey Decimal Classification   Available مكتبة كلية العلوم الإقتصادية والعلوم التجارية وعلوم التسيير مكتبة كلية العلوم الإقتصادية والعلوم التجارية وعلوم التسيير 07/05/2026 الطابق الأرضي 26742   أ/4407ن2 26742 07/05/2026 07/05/2026 كتب
    Dewey Decimal Classification   Available مكتبة كلية العلوم الإقتصادية والعلوم التجارية وعلوم التسيير مكتبة كلية العلوم الإقتصادية والعلوم التجارية وعلوم التسيير 07/05/2026 الطابق الثاني 26743   أ/4407ن3 26743 07/05/2026 07/05/2026 كتب

موارد الويب المفتوحة


© University of Algiers 3 All Rights Reserved
|
Implemented by LECHELAH Riad